Directory of social work education facilities in India (Record no. 1457379)

MARC details
000 -LEADER
fixed length control field 00555nam a2200193Ia 4500
005 - DATE AND TIME OF LATEST TRANSACTION
control field 20250923145923.0
008 - FIXED-LENGTH DATA ELEMENTS--GENERAL INFORMATION
fixed length control field 008 250917s9999 xx 000 0 eng d
037 ## - SOURCE OF ACQUISITION
Stock number Textual
040 ## - CATALOGING SOURCE
Original cataloging agency DSWL
Language of cataloging eng
Transcribing agency DSWL
041 ## - LANGUAGE CODE
Language code of text/sound track or separate title eng
Source of code eng
084 ## - COLON CLASSIFICATION NUMBER
Classification number T:3(YX)N2, N95
Assigning agency DSWL
245 #0 - TITLE STATEMENT
Title Directory of social work education facilities in India
Statement of responsibility, etc. by Ministry of Welfare India
260 ## - PUBLICATION, DISTRIBUTION, ETC.
Place of publication, distribution, etc. New Delhi
Name of publisher, distributor, etc. Author
Date of publication, distribution, etc. 1995
300 ## - PHYSICAL DESCRIPTION
Extent xii,375p.
365 ## - TRADE PRICE
Price amount Gift
925 ## -
-- Gift
942 ## - ADDED ENTRY ELEMENTS (KOHA)
Koha item type Textual
Classification part T:3(YX)N2, N95
Holdings
Withdrawn status Lost status Damaged status Not for loan Home library Current library Date acquired Total Checkouts Full call number Barcode Date last seen Price effective from Koha item type
        Department of Social Work Library Department of Social Work Library 2025-09-23   T:3(YX)N2, N95 SW0025557 2025-09-23 2025-09-23 Textual
Copyright @ Delhi University Library System